000 02846 a2200217 4500
001 23164
005 20260407155520.0
008 260407a1955 arg spa d
003 AR-UNSa-BCEJYS
040 _aAR-UNSa-BCEJYS
_bspa
_cAR-UNSa-BCEJYS
080 _a330
_xEconomía en general
245 1 0 _aCurso de economía moderna
_puna descripción análitica de la realidad económica
250 _a4a. ed
264 1 _aMadrid :
_bAguilar
_c1955
300 _axviii, 750 p.
_c21 cm.
505 _aPrimera Parte : Conceptos basicos de economia y la renta nacional : 1. Introducción - 2. Los problemas centrales de toda la sociedad economica - 3. Funcionamiento del sistema "mixto" de empresa capitalista - 4. Ingresos individuales y familiares - 5. Rentas producidas por la agricultura, la propiedad y el trabajo - 6. Las empresas: su organización e ingresos - 7. Actuación económica del gobierno: los gastos, la regulación económica y la hacienda - 8. El papel económico del gobierno: impuestos federales y finanzas locales - 9. Los trabajadores y las relaciones industriales - 10. La económia individual y los seguros sociales - 11. La renta nacional - Segunda Parte : La renta Nacional : Su determinación y sus fluctuaciones : 12. Ahorro, consumo e inversión - 13. La teoría de la determinación de la renta - 14. Precios y dinero - 15. Fundamentos del sistema bancario y de la creación de depósitos - 16. Dinero, interés y renta - 17. La reserva federal y la política monetaria de la banca central - 18. El ciclo económico - 19. Política fiscal y empleo total sin inflación - Tercera parte : La composición y la determinación de los precios de la producción nacional : 20. Determinación del precio por la oferta y la demanda - 21. La oferta y la demanda - 22. La dinamica de la especulación y el riesgo - 23. La teoría del consumo y de la demanda - 24. El equilibrio de la empresa: costes e ingresos - 25. Ejemplos de competencia imperfecta - Cuarta Parte : Distribución de la renta : La fijación del precio de los factores productivos : 26. Teoría de la producción y productos marginales - 27. Fijación de precios de los factores de la producción: rentas de la tierra y otros recursos - 28. Salarios en régimenes de competencia y tratos sociales - 29. El interes y el capital - 30. Beneficios y alicientes - Quinta Parte : El comercio y las finanzas internacionales : 31. El balance de los pagos internacionales - 32. Los Problemas económicos internacionales de la posguerra - 33. El comercio internacional y la teoria de los costes comparados - 34.Teorías sobre protección arancelaria y libertad de comercio - Sexta Parte : Epilogo : 35. Los distintos sistemas económicos.
942 _cBK
590 _aniveau_biblio:m niveau_hierar:0
100 1 _aSamuelson, Paul A.
700 1 _aSampedro, José Luis
999 _c1088
_d1088